Normal view
MARC view
Entry Topical Term
001 - CONTROL NUMBER
- control field: 55409
003 - CONTROL NUMBER IDENTIFIER
- control field: OSt
005 - DATE AND TIME OF LATEST TRANSACTION
- control field: 20241121092452.0
008 - FIXED-LENGTH DATA ELEMENTS
- fixed length control field: 241121|| aca||aabn | a|a d
040 ## - CATALOGING SOURCE
- Original cataloging agency: OSt
- Transcribing agency: OSt
150 ## - HEADING--TOPICAL TERM
- Topical term or geographic name entry element: ဝိသုဒ္ဓိမဂ်။ မြန်မာပြန်။
670 ## - SOURCE DATA FOUND
- Source citation: Work cat.: (OSt)16848: မဟာစည်ဆရာတော်ဘုရားကြီး။, ဝိသုဒ္ဓိမဂ်မြန်မာပြန်၊ ပထမတွဲ /, ၂၀၀၈။